000 00417nam a2200133Ia 4500
008 220217s9999||||xx |||||||||||||| ||und||
020 _a81-224-1263-7
082 _a621.382 2 PAD
100 _aPadmanaban, K Ananthi, S and Vijayarajeswaran
245 0 _aPractical approach to digital signal processing
260 _aNew age international
_bBangalore
_c2001
300 _b220
650 _aSIGNAL PROCESSING
_9719
999 _c167120
_d167120